02463cam a2200577 i 4500001001200000003000600012005001700018008004100035020001800076020001800094020001800112035002200130035002300152040008500175045001700260046002100277245013700298260020700435300003800642336002700680337005400707338002800761380001600789380004200805380002300847386005300870388001400923388001400937388001000951490008200961504004701043600003201090600007201122600005001194648001901244648001901263650001701282651004201299651003801341651004001379655001901419655002601438655001501464655003501479658001301514700004501527710004101572710008601613710010601699830008001805xx004882366NUKAT20260428104833.0200610s2020 pl a |001 0 pol c a9788360108581 a9788380988163 a9788363477271 a(OCoLC)1164109033 a(NUKAT)xx004882366 aSAND 001/MKbpolerdacSAND 001/MKdSAND 001/MKdGD U/MJsdPOZN U/EMsdWA 14/PTs2 bd1889bd1983 k2020o1889p198300aKorespondencja rodziny Artwińskich (1889-1983) :bKielce - Kraków - Lwów /cwstęp, wybór i opracowanie Paweł Wolańczyk. aKielce :bWojewódzka Biblioteka Publiczna im. Witolda Gombrowicza :bMuzeum Historii Kielc ;aWarszawa :bInstytut Pamięci Narodowej - Komisja Ścigania Zbrodni przeciwko Narodowi Polskiemu,c2020. a335 stron :bilustracje ;c24 cm. aTekstbtxt2rdacontent aBez urządzenia pośredniczącegobn2rdamedia aWoluminbnc2rdacarrier aKsiążki aLiteratura faktu, eseje, publicystyka aPublikacje naukowe mPrzynależność kulturowaaLiteratura polska1 a1801-19001 a1901-20001 a2001-1 aSeria świętokrzyska : dzienniki, wspomnienia, pamiętniki, listy ;vt. 4 aBibliografia na stronach 311-317. Indeksy.37aArtwińscyc(rodzina)2DBN17aArtwiński, Stefan Władysławd(1863-1939)vkorespondencja.2kaba37aArtwińscyc(rodzina)vkorespondencja.2kaba 7a1801-19002DBN 7a1901-20002DBN 7aRodzina2DBN 7aKielce (woj. świętokrzyskie)2DBN 7aKraków (woj. małopolskie)2DBN 7aLwów (Ukraina, obw. lwowski)2DBN 7aAntologia2DBN 7aEdycja krytyczna2DBN 7aListy2DBN 7aWydawnictwo źródłowe2DBN aHistoria1 aWolańczyk, Pawełd(1982- ).eRedakcja2 aMuzeum Historii Kielc.eWydawca4pbl2 aWojewódzka Biblioteka Publiczna im. Witolda Gombrowicza (Kielce).eWydawca4pbl2 aInstytut Pamięci Narodowej - Komisja Ścigania Zbrodni przeciwko Narodowi Polskiemu.eWydawca4pbl 0aSeria Świętokrzyska "Dzienniki, Wspomnienia, Pamiętniki, Listy"vt. 4